000 00317nam a22001337a 4500
008 260210b |||||||| |||| 00| 0 eng d
040 _a04
100 _aDR AVTAR SINGH
245 _a BHARATIYA SAKSHYA ADHINIYAM 2023
260 _aCLP
300 _a656
650 _a BHARATIYA SAKSHYA ADHINIYAM 2023
942 _c02
999 _c67008
_d67008